Paesi del Patto di Varsavia - Morte improvvisa - Statistics

Statistiche generali
  • Questo quiz è stato fatto 89 volte
  • Il punteggio medio è 5 su 8
Answers on the Grid
Answers color-coded by a green-red scale on the quiz's grid according to % correct below.
Albania
Bulgaria
Cecoslovacchia
Germania Est
Polonia
Romania
Ungheria
Unione Sovietica
Jugoslavia
Austria
Svizzera
Finlandia
Svezia
Turchia
Grecia
Norvegia
Italia
Francia
Spagna
Portogallo
Germania Ovest
Belgio
Lussemburgo
Regno Unito
 
Statistiche sulle risposte
Risposta % Corretto
Germania Est
77%
Cecoslovacchia
73%
Polonia
73%
Unione Sovietica
70%
Bulgaria
67%
Romania
63%
Ungheria
60%
Albania
50%
Nessun quiz corrispondente trovato
Distribuzione punteggi
Percentuale di utenti per punteggio
Percentile per numero di risposta
I tuoi punteggi nel tempo
Non hai fatto questo quiz